00245nam a2200109Ia 4500008004100000100001300041245002300054260002100077650001300098942000700111999001700118190216s9999||||xx |||||||||||||| ||und|| aSoman. K 0aBharana Shabdavali bBhasha Institute aPolitics cBK c34769d34769